Význam diagnostiky učebních stylů v podpoře studia vysokoškolských studentů
Učebné štýly a podpora zvýšenia efektivity vysokoškolského štúdia. Jednotlivé štýly učenia a ich komparácia s odlišnými študijnými odbormi. Význam diagnostiky učebných štýlov a podpora efektivity vysokoškolského štúdia.
Gespeichert in:
| Format: | Buchkapitel |
|---|---|
| Sprache: | Tschechisch |
| Schlagworte: | |
| Tags: |
Keine Tags, Fügen Sie das erste Tag hinzu!
|
MARC
| LEADER | 00000naa a2200000 4500 | ||
|---|---|---|---|
| 001 | 0178535 | ||
| 005 | 20230919103122.4 | ||
| 041 | 0 | |a cze | |
| 044 | |a CZ | ||
| 245 | 1 | 0 | |a Význam diagnostiky učebních stylů v podpoře studia vysokoškolských studentů |
| 520 | |a Učebné štýly a podpora zvýšenia efektivity vysokoškolského štúdia. Jednotlivé štýly učenia a ich komparácia s odlišnými študijnými odbormi. Význam diagnostiky učebných štýlov a podpora efektivity vysokoškolského štúdia. | ||
| 610 | 2 | 0 | |a študenti |
| 610 | 2 | 0 | |a štúdium vysokoškolské |
| 610 | 2 | 0 | |a odbory študijné |
| 610 | 2 | 0 | |a psychológia pedagogická |
| 610 | 2 | 0 | |a efektívnosť vzdelávania |